LEADER 02026oam 2200505 450 001 9910709979803321 005 20200914120903.0 035 $a(CKB)5470000002474466 035 $a(OCoLC)1160205824 035 $a(EXLCZ)995470000002474466 100 $a20200630j201801 ua 0 101 0 $aeng 135 $aurc|||||||||| 181 $ctxt$2rdacontent 182 $cc$2rdamedia 183 $acr$2rdacarrier 200 10$aEstablishment of native species on a natural gas pipeline $ethe importance of seeding rate, aspect, and species selection /$fMelissa A. Thomas-Van Gundy, Pamela J. Edwards, and Thomas M. Schuler 210 1$aNewtown Square, PA :$cUnited States Department of Agriculture, Forest Service, Northern Research Station,$dJanuary 2018. 215 $a1 online resource (11 pages) $cone color illustration, one color map 225 1 $aResearch paper NRS ;$v30 300 $a"January 2018." 300 $a"Manuscript received for publication 5 June 2017"--Page 2 of cover. 320 $aIncludes bibliographical references (pages 10-11). 517 $aEstablishment of native species on a natural gas pipeline 606 $aEndemic plants$zWest Virginia 606 $aRevegetation$zWest Virginia 606 $aNatural gas pipelines$xEnvironmental aspects$zWest Virginia 606 $aNatural gas pipelines$xEnvironmental aspects$2fast 606 $aRevegetation$2fast 615 0$aEndemic plants 615 0$aRevegetation 615 0$aNatural gas pipelines$xEnvironmental aspects 615 7$aNatural gas pipelines$xEnvironmental aspects. 615 7$aRevegetation. 700 $aThomas-Van Gundy$b Melissa A.$01388608 702 $aEdwards$b Pamela J. 702 $aSchuler$b Thomas M. 712 02$aUnited States.$bForest Service.$bNorthern Research Station, 801 0$bAGL 801 1$bAGL 801 2$bGPO 906 $aBOOK 912 $a9910709979803321 996 $aEstablishment of native species on a natural gas pipeline$93449372 997 $aUNINA LEADER 02256nam 2200637 450 001 9910790718203321 005 20230421051533.0 010 $a3-11-080934-6 024 7 $a10.1515/9783110809343 035 $a(CKB)2550000001178487 035 $a(OCoLC)868974196 035 $a(CaPaEBR)ebrary10789692 035 $a(SSID)ssj0000849392 035 $a(PQKBManifestationID)11418926 035 $a(PQKBTitleCode)TC0000849392 035 $a(PQKBWorkID)10813376 035 $a(PQKB)10242892 035 $a(MiAaPQ)EBC3044659 035 $a(DE-B1597)41819 035 $a(OCoLC)979586082 035 $a(DE-B1597)9783110809343 035 $a(Au-PeEL)EBL3044659 035 $a(CaPaEBR)ebr10789692 035 $a(CaONFJC)MIL558675 035 $a(OCoLC)922948069 035 $a(EXLCZ)992550000001178487 100 $a19980421d1998 uy 0 101 0 $aeng 135 $aurcnu|||||||| 181 $ctxt 182 $cc 183 $acr 200 10$aMathematical statistics $eproblems and detailed solutions /$fWiebe R. Pestman, Ivo B. Alberink 210 1$aBerlin ;$aNew York :$cWalter de Gruyter,$d1998. 215 $a1 online resource (336 p.) 225 0 $aDe Gruyter Textbook 225 0$aDe Gruyter textbook 300 $aBibliographic Level Mode of Issuance: Monograph 311 $a3-11-015358-0 311 $a1-306-27424-9 327 $gCh. 1.$tProbability theory --$gCh. 2.$tStatistics and their probability distributions, estimation theory --$gCh. 3.$tHypothesis testing --$gCh. 4.$tSimple regression analysis --$gCh. 5.$tNormal analysis of variance --$gCh. 6.$tNon-parametric methods --$gCh. 7.$tStochastic analysis and its applications in statistics --$gCh. 8.$tVectorial statistics. 606 $aMathematical statistics$vProblems, exercises, etc 606 $aStatistics$vProblems, exercises, etc 615 0$aMathematical statistics 615 0$aStatistics 676 $a519.5/076 686 $aSK 800$2rvk 700 $aPestman$b Wiebe R.$f1954-$0117698 701 $aAlberink$b Ivo B.$f1971-$0117699 801 0$bMiAaPQ 801 1$bMiAaPQ 801 2$bMiAaPQ 906 $aBOOK 912 $a9910790718203321 996 $aMathematical statistics$93796502 997 $aUNINA